000
00339nam a2200133 a 4500
005
20140414093848.0
008
110526s19uu xx 00 eng d
050
_a
DVD 909
_b
AGE
245
_a
Age of dicovery :
_b
Spanish and Portuguese explorations.
260
_a
USA :
_b
Phoenix.
650
_a
History
942
_c
AVM
999
_c
109750
_d
109750